Normal view
MARC view
- Fischer, Louis Albert
Entry Personal Name
001 - CONTROL NUMBER
- control field: 38885
003 - CONTROL NUMBER IDENTIFIER
- control field: NUST
005 - DATE AND TIME OF LATEST TRANSACTION
- control field: 20210314131307.0
008 - FIXED-LENGTH DATA ELEMENTS
- fixed length control field: 210314|| aca||aabn | a|a d
040 ## - CATALOGING SOURCE
- Original cataloging agency: NUST
- Transcribing agency: NUST
100 ## - HEADING--PERSONAL NAME
- Personal name: Fischer, Louis Albert
670 ## - SOURCE DATA FOUND
- Source citation: Work cat.: (NUST): Huntington, E. V. 38883, Handbook of mathematics, 1943.
